| 000 | 00436nam a2200169Ia 4500 | ||
|---|---|---|---|
| 003 | OSt | ||
| 005 | 20260313152127.0 | ||
| 008 | 211028s2014 xx 000 0 und d | ||
| 040 | _cAIMIT LIBRARY | ||
| 041 | _aeng | ||
| 100 |
_aTaj, Haseeba H; Manimozhi R. _g111735 _94132 |
||
| 110 |
_aHemalatha N _94133 |
||
| 245 | _aCo-operative Banking system / | ||
| 260 |
_aHubli _c2014 |
||
| 710 |
_aCorporation Bank _94134 |
||
| 942 |
_2ddc _cPRO |
||
| 999 |
_c217467 _d217467 |
||